[Event "HUN-chT2 Asztalos 1213"]
[Site "Hungary"]
[Date "2012.10.07"]
[Round "2.9"]
[White "Brindza, Istvan"]
[Black "Lipcsei, Adam"]
[Result "1-0"]
[WhiteElo "2014"]
[BlackElo "2026"]
[PlyCount "103"]
[EventDate "2012.09.16"]
[EventType "team-tourn"]
[EventRounds "9"]
[EventCountry "HUN"]
[SourceTitle "EXT 2014"]
[Source "ChessBase"]
[SourceDate "2013.11.20"]
[SourceVersion "1"]
[SourceVersionDate "2013.11.20"]
[SourceQuality "1"]
[WhiteTeam "Baja"]
[BlackTeam "Nagyatad"]
[WhiteTeamCountry "HUN"]
[BlackTeamCountry "HUN"]

1. d4 Nf6 2. c4 g6 3. Nc3 Bg7 4. e4 d6 5. Nf3 0-0 6. Be2 e5 7. Bg5 Qe8 8. dxe5 dxe5 9. 0-0 Na6 10. Qc2 h6 11. Be3 Ng4 12. Bd2 f5 13. h3 Nf6 14. Nh4 f4 15. Nd5 Nh7 16. Nxg6 Rf7 17. Bh5 Qd8 18. Qd3 Be6 19. Nde7+ Rxe7 20. Qxd8+ Rxd8 21. Nxe7+ Kh8 22. Ng6+ Kg8 23. Ne7+ Kh8 24. Ng6+ Kg8 25. Bc3 Bxc4 26. Rfd1 Rxd1+ 27. Rxd1 Nf6 28. Nxe5 Nxh5 29. Rd8+ Kh7 30. Nxc4 Bxc3 31. bxc3 Kg7 32. f3 Kf6 33. Kf2 Ng3 34. Rf8+ Kg5 35. h4+ Kh5 36. Rxf4 Nh1+ 37. Kg1 Ng3 38. Kh2 Ne2 39. Rf5+ Kg6 40. h5+ Kg7 41. e5 Nc5 42. Rf6 Nxc3 43. Rg6+ Kf7 44. Rxh6 b5 45. Rc6 Ne6 46. Nd2 Nd5 47. Ra6 Nc5 48. Rxa7 Ke6 49. Nb3 Nd3 50. Nd4+ Kxe5 51. Nxb5 Nf6 52. Nxc7 1-0

[Event "HUN-chT2 Asztalos 1011"]
[Site "Hungary"]
[Date "2010.11.21"]
[Round "6.3"]
[White "Percze, Janos"]
[Black "Brindza, Istvan"]
[Result "1-0"]
[WhiteElo "2247"]
[BlackElo "2007"]
[PlyCount "69"]
[EventDate "2010.09.12"]
[EventType "team-tourn"]
[EventRounds "11"]
[EventCountry "HUN"]
[SourceTitle "EXT 2012"]
[Source "ChessBase"]
[SourceDate "2011.11.24"]
[SourceVersion "1"]
[SourceVersionDate "2011.11.24"]
[SourceQuality "1"]
[WhiteTeam "Nagyatad"]
[BlackTeam "Baja"]
[WhiteTeamCountry "HUN"]
[BlackTeamCountry "HUN"]

1. Nf3 c5 2. c4 Nf6 3. Nc3 Nc6 4. d4 cxd4 5. Nxd4 e6 6. a3 d5 7. cxd5 exd5 8. Bg5 Be7 9. e3 0-0 10. Be2 h6 11. Bh4 Ne4 12. Bxe7 Nxe7 13. Rc1 Qb6 14. 0-0 Qxb2 15. Ncb5 Qd2 16. Qa4 b6 17. Rfd1 Qa5 18. Qxa5 bxa5 19. Rc7 Re8 20. f3 a6 21. fxe4 axb5 22. Bxb5 Bg4 23. Bxe8 Rxe8 24. Rb1 dxe4 25. Rbb7 Kf8 26. Kf2 Bh5 27. Rb5 Bd1 28. Rxa5 Rb8 29. Raa7 Re8 30. a4 Bh5 31. Rc5 Bg6 32. a5 Rb8 33. Rb5 Rc8 34. Rab7 Ke8 35. a6 1-0

[Event "HUN-chT2 Asztalos 0910"]
[Site "Hungary"]
[Date "2010.05.02"]
[Round "11"]
[White "Brindza, Istvan"]
[Black "Pribek, Laszlo"]
[Result "1/2-1/2"]
[WhiteElo "2022"]
[BlackElo "2169"]
[PlyCount "131"]
[EventDate "2009.11.08"]
[EventType "team-tourn"]
[EventRounds "11"]
[EventCountry "HUN"]
[SourceTitle "EXT 2011"]
[Source "ChessBase"]
[SourceDate "2010.11.26"]
[SourceVersion "1"]
[SourceVersionDate "2010.11.26"]
[SourceQuality "1"]
[WhiteTeam "Baja"]
[BlackTeam "Szekesfehervar"]
[WhiteTeamCountry "HUN"]
[BlackTeamCountry "HUN"]

1. e4 c5 2. Nf3 e6 3. d4 cxd4 4. Nxd4 a6 5. c4 Nf6 6. Nc3 Qc7 7. Bd3 d6 8. Be3 Bd7 9. 0-0 Nc6 10. f4 Be7 11. Rc1 Qb8 12. Kh1 h5 13. Qe2 Ng4 14. Bg1 Bf6 15. Nf3 Bxc3 16. Rxc3 e5 17. f5 Nb4 18. Bb1 a5 19. a3 Na6 20. Rd1 Nc5 21. b4 axb4 22. axb4 Na4 23. Rcd3 0-0 24. h3 Nf6 25. b5 d5 26. exd5 e4 27. Re3 exf3 28. Qxf3 Qc7 29. Rd4 Rfe8 30. d6 Qa5 31. Qxb7 Rxe3 32. Bxe3 Re8 33. Bd2 Qa8 34. Qxa8 Rxa8 35. Bb4 Rc8 36. Ba2 Bxf5 37. Ba5 Ra8 38. Bc7 Nc5 39. Rd2 Nfe4 40. Rb2 Nc3 41. Bb3 Ra1+ 42. Kh2 Rb1 43. Rxb1 Nxb1 44. Bb6 Nb7 45. c5 Nc3 46. d7 Bxd7 47. c6 Bc8 48. cxb7 Bxb7 49. Bc4 Nd5 50. Bc5 Nf6 51. Bd6 Ne4 52. Bb4 g6 53. Be2 Kg7 54. Bf3 f5 55. g4 hxg4 56. hxg4 Kf6 57. gxf5 Kxf5 58. Bxe4+ Bxe4 59. Kg3 g5 60. Bd2 g4 61. Bf4 Bf3 62. Bc7 Ke6 63. b6 Kd7 64. Bf4 Kc6 65. Be3 Kb7 66. Bf2 1/2-1/2

[Event "HUN-chT2 Asztalos 0910"]
[Site "Hungary"]
[Date "2010.02.14"]
[Round "6"]
[White "Brindza, Istvan"]
[Black "Paszler, Jozsef"]
[Result "1-0"]
[WhiteElo "2022"]
[BlackElo "2230"]
[PlyCount "85"]
[EventDate "2009.11.08"]
[EventType "team-tourn"]
[EventRounds "11"]
[EventCountry "HUN"]
[SourceTitle "EXT 2011"]
[Source "ChessBase"]
[SourceDate "2010.11.26"]
[SourceVersion "1"]
[SourceVersionDate "2010.11.26"]
[SourceQuality "1"]
[WhiteTeam "Baja"]
[BlackTeam "Decs II"]
[WhiteTeamCountry "HUN"]
[BlackTeamCountry "HUN"]

1. c4 Nf6 2. d4 Nc6 3. Nc3 e5 4. d5 Ne7 5. Bg5 Ng6 6. e4 Bb4 7. Qc2 h6 8. Bd2 0-0 9. Nge2 d6 10. 0-0-0 Ng4 11. Be1 Bc5 12. Ng3 Bd7 13. h3 Nf6 14. Nf5 a6 15. Kb1 Qc8 16. g4 b5 17. cxb5 axb5 18. Bxb5 Bxb5 19. Nxb5 Qa6 20. Nc3 Bb4 21. f3 Rfb8 22. Rh2 Bxc3 23. Bxc3 Qxa2+ 24. Kc1 Nd7 25. Kd2 Nc5 26. h4 Qa7 27. h5 Nb3+ 28. Ke2 Nf4+ 29. Kf1 f6 30. Ne7+ Kh7 31. Nc6 Qa6+ 32. Kf2 Rb7 33. Kg3 Qb5 34. Bb4 Nd4 35. Rxd4 exd4 36. Kxf4 Ra4 37. Ba3 Rc4 38. Qd3 Kh8 39. Na5 Ra4 40. Qxb5 Rxb5 41. Nc6 Rb3 42. Rd2 d3 43. Ke3 1-0

[Event "HUN-chT2 Asztalos 0910"]
[Site "Hungary"]
[Date "2009.11.22"]
[Round "2"]
[White "Molnar, Szabolcs"]
[Black "Brindza, Istvan"]
[Result "1/2-1/2"]
[WhiteElo "1975"]
[BlackElo "2022"]
[PlyCount "141"]
[EventDate "2009.11.08"]
[EventType "team-tourn"]
[EventRounds "11"]
[EventCountry "HUN"]
[SourceTitle "EXT 2011"]
[Source "ChessBase"]
[SourceDate "2010.11.26"]
[SourceVersion "1"]
[SourceVersionDate "2010.11.26"]
[SourceQuality "1"]
[WhiteTeam "Dombovar"]
[BlackTeam "Baja"]
[WhiteTeamCountry "HUN"]
[BlackTeamCountry "HUN"]

1. e4 e5 2. Nf3 Nc6 3. d4 exd4 4. Nxd4 Bc5 5. Be3 Qf6 6. c3 Nge7 7. Bc4 d6 8. 0-0 0-0 9. f4 Be6 10. Be2 Bd7 11. Kh1 Rae8 12. Qd3 a6 13. a4 Ng6 14. Nd2 Qe7 15. Nc2 f5 16. Bxc5 dxc5 17. e5 Be6 18. Ne3 Rd8 19. Qc2 Na5 20. Ndc4 Nxc4 21. Bxc4 Bxc4 22. Nxc4 b5 23. Ne3 Qe6 24. axb5 axb5 25. Ra5 Qb6 26. Qb3+ c4 27. Qxb5 Qxe3 28. Qxc4+ Kh8 29. Rc5 Nxf4 30. Rxc7 Nd3 31. Qh4 Nf2+ 32. Kg1 Ng4+ 33. Kh1 Qxe5 34. Re7 Qf6 35. Qe1 Qd6 36. Qh4 Qd3 37. Rfe1 Qd6 38. Kg1 Qb6+ 39. Kf1 Rd2 40. R7e2 Rxe2 41. Rxe2 Ra8 42. c4 Ra1+ 43. Re1 Rxe1+ 44. Qxe1 Nxh2+ 45. Ke2 Qxb2+ 46. Kd3 Qb3+ 47. Kd4 Qb2+ 48. Kc5 Qb8 49. Qe6 Ng4 50. Qxf5 Qe5+ 51. Qxe5 Nxe5 52. Kd5 Nd3 53. c5 Kg8 54. c6 Nb4+ 55. Kc5 Nxc6 56. Kxc6 Kf7 57. Kd5 Kf6 58. Ke4 Kg5 59. Kf3 Kf5 60. Kg3 g5 61. Kf3 h5 62. g3 Ke5 63. Ke3 Kf5 64. Kf3 g4+ 65. Kf2 Kg5 66. Kg2 Kf5 67. Kf2 Kg6 68. Ke3 Kf5 69. Kf2 Ke4 70. Ke2 Kd4 71. Kd2 1/2-1/2

[Event "HUN-chT2 Asztalos 0809"]
[Site "Hungary"]
[Date "2009.02.22"]
[Round "8"]
[White "Brindza, Istvan"]
[Black "Horvath, Janos"]
[Result "0-1"]
[WhiteElo "2047"]
[BlackElo "2101"]
[PlyCount "46"]
[EventDate "2008.10.26"]
[EventType "team-tourn"]
[EventRounds "11"]
[EventCountry "HUN"]
[SourceTitle "EXT 2010"]
[Source "ChessBase"]
[SourceDate "2010.11.25"]
[SourceVersion "1"]
[SourceVersionDate "2010.11.25"]
[SourceQuality "1"]
[WhiteTeam "Baja"]
[BlackTeam "Szenna Pack II"]
[WhiteTeamCountry "HUN"]
[BlackTeamCountry "HUN"]

1. Nf3 Nf6 2. d4 e6 3. c4 b6 4. g3 Ba6 5. Qa4 Bb7 6. Bg2 c5 7. 0-0 cxd4 8. Nxd4 Bxg2 9. Kxg2 Bc5 10. e3 0-0 11. Nc3 Qc8 12. Qd1 Nc6 13. Nce2 Ne5 14. b3 d5 15. cxd5 Nxd5 16. Bb2 Qb7 17. e4 Nf6 18. f3 Rfd8 19. Qb1 Neg4 20. fxg4 Nxe4 21. Kh3 Ng5+ 22. Kh4 Be7 23. Rh1 Qg2 0-1